[Event "Arco op 43rd"]
[Site "Arco"]
[Date "2021.10.14"]
[Round "6"]
[White "Pacher, Simon"]
[Black "Boder, Jan"]
[Result "0-1"]
[WhiteElo "2012"]
[BlackElo "2130"]
[PlyCount "84"]
[EventDate "2021.10.09"]
[EventType "swiss"]
[EventRounds "9"]
[EventCountry "ITA"]
[SourceTitle "CBM 204 Extra"]
[Source "ChessBase"]
[SourceDate "2021.11.30"]
[SourceVersion "1"]
[SourceVersionDate "2021.11.30"]
[SourceQuality "1"]

1. e4 c5 2. Nf3 g6 3. d4 cxd4 4. Nxd4 Nc6 5. c4 Nf6 6. Nc3 d6 7. Be2 Nxd4 8. Qxd4 Bg7 9. Be3 0-0 10. Qd2 Be6 11. Rc1 Qa5 12. 0-0 Rfc8 13. b3 a6 14. Nd5 Qxd2 15. Nxf6+ Bxf6 16. Bxd2 Bd4 17. Rfd1 Bc5 18. Kf1 Bd4 19. Kg1 Bc5 20. Kf1 Rc7 21. Rc2 Rac8 22. Ba5 b6 23. Bc3 Ba3 24. Rcd2 b5 25. Ba5 Ra7 26. cxb5 axb5 27. Bb6 Ra6 28. Bd4 Bc1 29. Rd3 Rxa2 30. Rc3 Rxc3 31. Bxc3 Rc2 32. Rd3 Bb2 33. Be1 Be5 34. h3 Rb2 35. b4 Bc4 36. Rd2 Rxb4 37. Bxc4 Rxc4 38. Rd5 b4 39. Bd2 Rxe4 40. f3 Rc4 41. Rb5 Bc3 42. Bh6 f5 0-1

[Event "Arco op 43rd"]
[Site "Arco"]
[Date "2021.10.11"]
[Round "3"]
[White "Rinaudo, Giada"]
[Black "Pacher, Simon"]
[Result "1/2-1/2"]
[WhiteElo "1799"]
[BlackElo "2012"]
[PlyCount "110"]
[EventDate "2021.10.09"]
[EventType "swiss"]
[EventRounds "9"]
[EventCountry "ITA"]
[SourceTitle "CBM 204 Extra"]
[Source "ChessBase"]
[SourceDate "2021.11.30"]
[SourceVersion "1"]
[SourceVersionDate "2021.11.30"]
[SourceQuality "1"]

1. Nf3 Nf6 2. c4 e6 3. d4 c5 4. d5 exd5 5. cxd5 d6 6. Nc3 g6 7. e4 Bg7 8. Bb5+ Bd7 9. Qd3 a6 10. Bxd7+ Nbxd7 11. Bf4 Qe7 12. a4 0-0 13. 0-0 Rfe8 14. Rfe1 Ng4 15. Nd2 Bd4 16. Re2 Nde5 17. Qg3 h5 18. h4 c4 19. Nf3 Nxf3+ 20. gxf3 Ne5 21. Be3 Bxe3 22. fxe3 Qxh4 23. Qxh4 Nxf3+ 24. Kh1 Nxh4 25. Rf1 Kg7 26. Ref2 f5 27. Rg1 fxe4 28. Rf4 Nf3 29. Rg2 Ne1 30. Re2 Nd3 31. Rxe4 Rxe4 32. Nxe4 Rd8 33. a5 Nc5 34. Nxc5 dxc5 35. e4 Kf7 36. Rf2+ Ke7 37. Rg2 Kf6 38. Rc2 Ke5 39. Rxc4 Rd6 40. b4 cxb4 41. Rxb4 g5 42. Kg2 Rf6 43. Kg3 Rf7 44. Kg2 Kf4 45. Rc4 Ke5 46. Kg3 Rf4 47. Rb4 Rf7 48. Rc4 Rh7 49. Kf3 h4 50. Rc2 g4+ 51. Kxg4 Kxe4 52. d6 Rd7 53. Rc7 Rxd6 54. Rxb7 Rd5 55. Kxh4 Rxa5 1/2-1/2

[Event "EU-Cup 35th"]
[Site "Ulcinj"]
[Date "2019.11.16"]
[Round "7.6"]
[White "Ahmadzada, Ahmad Samir"]
[Black "Pacher, Simon"]
[Result "1-0"]
[WhiteElo "2406"]
[BlackElo "2072"]
[PlyCount "103"]
[EventDate "2019.11.10"]
[EventType "team-swiss"]
[EventRounds "7"]
[EventCountry "MNE"]
[SourceTitle "CBM 193 Extra"]
[Source "ChessBase"]
[SourceDate "2020.01.31"]
[SourceVersion "1"]
[SourceVersionDate "2020.01.31"]
[SourceQuality "1"]
[WhiteTeam "Vugar Gashimov"]
[BlackTeam "Raika Feffernitz"]
[WhiteTeamCountry "AZE"]
[BlackTeamCountry "AUT"]

1. e4 e5 2. Nf3 Nc6 3. Bb5 a6 4. Ba4 Nf6 5. 0-0 Be7 6. d3 b5 7. Bb3 d6 8. c3 0-0 9. Re1 Na5 10. Bc2 c5 11. Nbd2 Qc7 12. Nf1 h6 13. Ne3 Re8 14. d4 cxd4 15. cxd4 Bf8 16. d5 Nb7 17. Bd2 Nc5 18. Rc1 a5 19. Nf1 Bd7 20. a3 a4 21. Bb4 Qb8 22. N1d2 Rc8 23. Nb1 Be7 24. Bd3 Nxd3 25. Qxd3 Bf8 26. Rxc8 Qxc8 27. Nc3 Qb7 28. Nh4 g6 29. g3 Qb6 30. Kg2 Rc8 31. Nf3 Ne8 32. Rc1 Nc7 33. h4 Na6 34. h5 g5 35. Rh1 Qb8 36. Nd2 Nc5 37. Qe2 Na6 38. Qd3 Nc5 39. Qe3 Be7 40. Nf3 f5 41. exf5 Bxf5 42. Rd1 Qb7 43. Qe2 Bg4 44. Bxc5 Rxc5 45. Qe4 Bxh5 46. Rh1 Bxf3+ 47. Qxf3 Bf8 48. Ne4 Rc2 49. Qd3 Rxb2 50. Nf6+ Kf7 51. Qh7+ Bg7 52. Qg8+ 1-0

[Event "Feffernitz op 28th"]
[Site "Feffernitz"]
[Date "2019.08.18"]
[Round "1"]
[White "Gruber, Othmar"]
[Black "Pacher, Simon"]
[Result "0-1"]
[WhiteElo "1682"]
[BlackElo "2083"]
[PlyCount "84"]
[EventDate "2019.08.18"]
[EventType "swiss"]
[EventRounds "9"]
[EventCountry "AUT"]
[SourceTitle "EXT 2020"]
[Source "ChessBase"]
[SourceDate "2019.10.17"]
[SourceVersion "1"]
[SourceVersionDate "2019.10.17"]
[SourceQuality "1"]

1. Nc3 c6 2. e4 d5 3. Nf3 Bg4 4. Be2 e6 5. 0-0 Nd7 6. d3 Bxf3 7. Bxf3 d4 8. Ne2 Ne5 9. Ng3 h5 10. h3 h4 11. Nh1 Bd6 12. Be2 g5 13. f4 gxf4 14. Bxf4 Ne7 15. Bh5 N7g6 16. Bxg6 Nxg6 17. Bxd6 Qxd6 18. Qf3 Rf8 19. Qf6 Rd8 20. Rf2 e5 21. Raf1 Qxf6 22. Rxf6 Ke7 23. R6f5 f6 24. Nf2 Nf4 25. Ng4 Ne2+ 26. Kh2 Ng3 27. R1f2 Nxf5 28. Rxf5 c5 29. b3 b5 30. Rh5 Rh8 31. Rh6 Rdf8 32. Rg6 a5 33. Nh6 c4 34. Nf5+ Ke6 35. Rg4 cxb3 36. axb3 Rfg8 37. Rxh4 Rxh4 38. Nxh4 a4 39. bxa4 bxa4 40. Nf3 Rc8 41. Nd2 Rxc2 42. Nc4 Rxc4 0-1

[Event "Feffernitz op 27th"]
[Site "Feffernitz"]
[Date "2018.08.23"]
[Round "6"]
[White "Pacher, Simon"]
[Black "Korneev, Oleg"]
[Result "0-1"]
[WhiteElo "2136"]
[BlackElo "2513"]
[PlyCount "50"]
[EventDate "2018.08.19"]
[EventType "swiss"]
[EventRounds "9"]
[EventCountry "AUT"]
[SourceTitle "CBM 186 Extra"]
[Source "ChessBase"]
[SourceDate "2018.08.24"]
[SourceVersion "1"]
[SourceVersionDate "2018.08.24"]
[SourceQuality "1"]

1. d4 d5 2. c4 e6 3. Nf3 Nf6 4. Nc3 c6 5. g3 Be7 6. Bg2 Nbd7 7. 0-0 0-0 8. Qc2 dxc4 9. Rd1 b5 10. a4 b4 11. Ne4 Nxe4 12. Qxe4 Nc5 13. Qc2 Nb3 14. Rb1 Ba6 15. Ne5 Nxd4 16. Rxd4 Qxd4 17. Nxc6 Qf6 18. Nxe7+ Qxe7 19. Bxa8 Rxa8 20. e4 Rd8 21. Be3 c3 22. Rd1 Rxd1+ 23. Qxd1 cxb2 24. Qb3 h6 25. f4 Qd8 0-1

[Event "AUT-chT 1718"]
[Site "Austria"]
[Date "2018.01.21"]
[Round "8.5"]
[White "Pacher, Simon"]
[Black "Schlosser, Philipp"]
[Result "0-1"]
[WhiteElo "2106"]
[BlackElo "2503"]
[PlyCount "78"]
[EventDate "2017.11.16"]
[EventType "team-tourn"]
[EventRounds "11"]
[EventCountry "AUT"]
[SourceTitle "EXT 2019"]
[Source "ChessBase"]
[SourceDate "2018.10.10"]
[SourceVersion "1"]
[SourceVersionDate "2018.10.10"]
[SourceQuality "1"]
[WhiteTeam "Raika Feffernitz"]
[BlackTeam "Jenbach"]
[WhiteTeamCountry "AUT"]
[BlackTeamCountry "AUT"]

1. e4 c5 2. Nf3 Nc6 3. Bb5 Nf6 4. e5 Nd5 5. 0-0 Nc7 6. a4 g6 7. Re1 Bg7 8. c3 0-0 9. Na3 d6 10. exd6 exd6 11. Bf1 d5 12. d4 cxd4 13. Nxd4 Ne6 14. Nxe6 Bxe6 15. Bf4 a6 16. Nc2 Qb6 17. Qc1 Rac8 18. Ra3 Rfd8 19. b4 d4 20. a5 Qa7 21. c4 Ne7 22. c5 Nd5 23. Be5 Bxe5 24. Rxe5 Ne7 25. Qb2 Nc6 26. Re1 Rd7 27. Rd3 Rcd8 28. Red1 Qb8 29. Ne1 Bc4 30. R3d2 Bxf1 31. Kxf1 Qxh2 32. Nf3 Qh1+ 33. Ng1 Rd5 34. f3 h5 35. Rf2 h4 36. Rdd2 Ne7 37. Qb1 Nf5 38. Ke2 d3+ 39. Rxd3 Rxd3 0-1

[Event "Vienna op-A"]
[Site "Vienna"]
[Date "2016.08.16"]
[Round "1"]
[White "Pacher, Simon"]
[Black "Schreiner, Peter"]
[Result "0-1"]
[WhiteElo "2048"]
[BlackElo "2445"]
[PlyCount "84"]
[EventDate "2016.08.16"]
[EventType "swiss"]
[EventRounds "9"]
[EventCountry "AUT"]
[SourceTitle "CBM 173 Extra"]
[Source "ChessBase"]
[SourceDate "2016.08.29"]
[SourceVersion "1"]
[SourceVersionDate "2016.08.29"]
[SourceQuality "1"]

1. b3 Nf6 2. Bb2 g6 3. e4 d6 4. f4 Bg7 5. Nf3 0-0 6. Qe2 c5 7. g3 e5 8. fxe5 Ng4 9. d4 cxd4 10. h3 Ne3 11. Bxd4 Nxf1 12. Kxf1 Nc6 13. Bb2 dxe5 14. Kg2 Nd4 15. Nxd4 exd4 16. Qd3 b6 17. Nd2 Bb7 18. Kh2 Rc8 19. Rhf1 Ba6 20. Qxa6 Rxc2 21. Bc1 d3 22. Rb1 Bh6 23. Rb2 Bxd2 24. Rxc2 dxc2 25. Qe2 Bxc1 26. Rxc1 h5 27. Rxc2 h4 28. gxh4 Qxh4 29. Qg4 Qf6 30. Qg3 Re8 31. Re2 Re5 32. Qe3 Qd6 33. Qf4 Qe7 34. Qg4 Qf6 35. Qg3 Kg7 36. h4 Rh5 37. Kh3 g5 38. Rg2 Kh7 39. Rf2 Qe6+ 40. Kh2 Rxh4+ 41. Kg1 Rg4 42. Rxf7+ Kg6 0-1

[Event "Feffernitz Raika op 23rd"]
[Site "Feffernitz"]
[Date "2014.08.20"]
[Round "6"]
[White "Meulner, Klaus"]
[Black "Pacher, Simon"]
[Result "0-1"]
[WhiteElo "2122"]
[BlackElo "2045"]
[PlyCount "42"]
[EventDate "2014.08.16"]
[EventType "swiss"]
[EventRounds "9"]
[EventCountry "AUT"]
[SourceTitle "CBM 161 Extra"]
[Source "ChessBase"]
[SourceDate "2014.08.29"]
[SourceVersion "1"]
[SourceVersionDate "2014.08.29"]
[SourceQuality "1"]

1. d4 Nf6 2. c4 e6 3. Nc3 Bb4 4. e3 0-0 5. Nge2 b6 6. a3 Be7 7. Ng3 d5 8. b4 c5 9. bxc5 bxc5 10. cxd5 Nxd5 11. Nxd5 Qxd5 12. Be2 Bb7 13. Bf3 Qd7 14. Bb2 Qb5 15. Bxb7 Qxb7 16. Rb1 Qxg2 17. dxc5 Nc6 18. Qg4 e5 19. e4 Rab8 20. Ke2 Bxc5 21. Rhf1 Rb3 0-1

[Event "AUT-chT2M 1314"]
[Site "Austria"]
[Date "2014.04.06"]
[Round "11.2"]
[White "Pacher, Simon"]
[Black "Sandhoefner, Florian"]
[Result "0-1"]
[WhiteElo "2046"]
[BlackElo "2307"]
[PlyCount "78"]
[EventDate "2013.10.04"]
[EventType "team-tourn"]
[EventRounds "11"]
[EventCountry "AUT"]
[SourceTitle "EXT 2015"]
[Source "ChessBase"]
[SourceDate "2014.11.20"]
[SourceVersion "1"]
[SourceVersionDate "2014.11.20"]
[SourceQuality "1"]
[WhiteTeam "Feffernitz"]
[BlackTeam "St Valentin"]
[WhiteTeamCountry "AUT"]
[BlackTeamCountry "AUT"]

1. e4 c5 2. Nf3 d6 3. Bb5+ Bd7 4. a4 Nf6 5. Nc3 Nc6 6. 0-0 e6 7. Re1 Be7 8. d4 cxd4 9. Nxd4 Rc8 10. Nxc6 Bxc6 11. Bd3 0-0 12. Nb5 Ra8 13. c3 a6 14. Nd4 Bd7 15. a5 Qc7 16. f4 g6 17. e5 Nd5 18. Kh1 Rfd8 19. Qg4 Bf8 20. Qg3 Bg7 21. Bc2 Rac8 22. Bb3 Ne7 23. Qg5 dxe5 24. fxe5 Nc6 25. Nxc6 Bxc6 26. Be3 h6 27. Qh4 g5 28. Qg4 Rd3 29. Bc2 Rd7 30. h4 Qxe5 31. Bxg5 f5 32. Qh3 Qb5 33. Bc1 Rcd8 34. Qg3 Kh8 35. Rxe6 Qf1+ 36. Kh2 Rd1 37. Bxd1 Rxd1 38. Qb8+ Kh7 39. Rxc6 bxc6 0-1

[Event "AUT-chT2M 1314"]
[Site "Austria"]
[Date "2014.03.22"]
[Round "7.2"]
[White "Kilgus, Georg"]
[Black "Pacher, Simon"]
[Result "1-0"]
[WhiteElo "2428"]
[BlackElo "2046"]
[PlyCount "61"]
[EventDate "2013.10.04"]
[EventType "team-tourn"]
[EventRounds "11"]
[EventCountry "AUT"]
[SourceTitle "EXT 2015"]
[Source "ChessBase"]
[SourceDate "2014.11.20"]
[SourceVersion "1"]
[SourceVersionDate "2014.11.20"]
[SourceQuality "1"]
[WhiteTeam "Grieskirchen/Sedda"]
[BlackTeam "Feffernitz"]
[WhiteTeamCountry "AUT"]
[BlackTeamCountry "AUT"]

1. Nf3 Nf6 2. g3 g6 3. Bg2 Bg7 4. c4 c6 5. d4 d6 6. Nc3 Nbd7 7. 0-0 0-0 8. e4 e5 9. Be3 Ng4 10. Bg5 f6 11. Bc1 Qe7 12. Re1 Kh8 13. b3 exd4 14. Nxd4 Nge5 15. f4 Nf7 16. Bb2 Nc5 17. b4 Ne6 18. Nf5 Qc7 19. Nxg7 Kxg7 20. Kh1 Bd7 21. Qd2 a5 22. a3 axb4 23. axb4 Qb6 24. Na4 Qc7 25. c5 dxc5 26. bxc5 Bc8 27. Nb6 Rxa1 28. Rxa1 Qe7 29. Qc2 Rd8 30. Bf3 Nd4 31. Nxc8 1-0

[Event "AUT-chT2M 1314"]
[Site "Austria"]
[Date "2013.11.16"]
[Round "4.4"]
[White "Pacher, Simon"]
[Black "Steiner, Stefan"]
[Result "0-1"]
[WhiteElo "2046"]
[BlackElo "2259"]
[PlyCount "78"]
[EventDate "2013.10.04"]
[EventType "team-tourn"]
[EventRounds "11"]
[EventCountry "AUT"]
[SourceTitle "EXT 2015"]
[Source "ChessBase"]
[SourceDate "2014.11.20"]
[SourceVersion "1"]
[SourceVersionDate "2014.11.20"]
[SourceQuality "1"]
[WhiteTeam "Feffernitz"]
[BlackTeam "Graz Strassenbahn"]
[WhiteTeamCountry "AUT"]
[BlackTeamCountry "AUT"]

1. e4 Nc6 2. d4 d5 3. exd5 Qxd5 4. Be3 e5 5. c4 Qa5+ 6. Nc3 exd4 7. Bxd4 Be6 8. Be3 Bb4 9. Qc2 Nge7 10. Nf3 Nf5 11. Bd3 Nxe3 12. fxe3 0-0-0 13. 0-0 Ne5 14. Nxe5 Qxe5 15. Rf3 Bxc3 16. bxc3 Rd6 17. Rb1 c5 18. Be4 b6 19. Bf5 f6 20. Bxe6+ Qxe6 21. Qa4 Kb7 22. Rg3 g6 23. Rd1 Rhd8 24. Rxd6 Rxd6 25. Rh3 h5 26. Qc2 f5 27. Qe2 Kc7 28. Kf2 Qe4 29. Rf3 Qe5 30. e4 fxe4 31. g3 Rf6 32. Rxf6 Qxf6+ 33. Ke3 Qxc3+ 34. Kxe4 Qd4+ 35. Kf3 Qg4+ 36. Kf2 Qxe2+ 37. Kxe2 Kc6 38. a4 a6 39. Kd3 b5 0-1

[Event "Feffernitz Raika op 22nd"]
[Site "Feffernitz"]
[Date "2013.08.21"]
[Round "5"]
[White "Pacher, Simon"]
[Black "Cattaneo, Ugo"]
[Result "1/2-1/2"]
[WhiteElo "2056"]
[BlackElo "1839"]
[PlyCount "45"]
[EventDate "2013.08.18"]
[EventType "swiss"]
[EventRounds "9"]
[EventCountry "AUT"]
[SourceTitle "CBM 156 Extra"]
[Source "ChessBase"]
[SourceDate "2013.10.22"]
[SourceVersion "1"]
[SourceVersionDate "2013.10.22"]
[SourceQuality "1"]

1. e4 e5 2. Nf3 Nc6 3. Bb5 Bc5 4. c3 Nf6 5. d3 d6 6. h3 0-0 7. Bg5 Qe7 8. Qe2 h6 9. Bh4 Nd8 10. Bc4 Ne6 11. Bxe6 Qxe6 12. g4 g5 13. Bg3 Kg7 14. Nbd2 a5 15. Nc4 b5 16. Ne3 Bxe3 17. fxe3 Bb7 18. 0-0 Rh8 19. Rf2 Kg6 20. Raf1 Nd7 21. b3 Rh7 22. Nd2 f6 23. Rf5 1/2-1/2

[Event "Feffernitz Raika op 22nd"]
[Site "Feffernitz"]
[Date "2013.08.20"]
[Round "4"]
[White "Arztmann, Nils"]
[Black "Pacher, Simon"]
[Result "1-0"]
[WhiteElo "1877"]
[BlackElo "2056"]
[PlyCount "113"]
[EventDate "2013.08.18"]
[EventType "swiss"]
[EventRounds "9"]
[EventCountry "AUT"]
[SourceTitle "CBM 156 Extra"]
[Source "ChessBase"]
[SourceDate "2013.10.22"]
[SourceVersion "1"]
[SourceVersionDate "2013.10.22"]
[SourceQuality "1"]

1. e4 c5 2. c3 Nf6 3. e5 Nd5 4. Nf3 g6 5. Bc4 Nb6 6. Bb3 Bg7 7. d4 cxd4 8. cxd4 Nc6 9. 0-0 0-0 10. Bf4 Na5 11. Nc3 d6 12. exd6 Bg4 13. Nb5 Nbc4 14. dxe7 Qxe7 15. Bxc4 Nxc4 16. b3 Qe4 17. Qc1 Nb6 18. Ne5 Nd5 19. Bg3 Rac8 20. Qa3 Bxe5 21. dxe5 Nf4 22. Bxf4 Qxf4 23. Nd6 Rc2 24. Qxa7 Qxe5 25. Nc4 Qg5 26. Ne3 Bf3 27. Kh1 Bc6 28. Qd4 Ra8 29. h4 Qc5 30. Nxc2 Qxc2 31. Rfc1 Qf5 32. Rc3 Rxa2 33. Rxa2 Qb1+ 34. Kh2 Qxa2 35. Qf6 Qe2 36. Re3 Qf1 37. Rg3 Qb5 38. Qg5 Qb6 39. Re3 Qc7+ 40. Qg3 Qd8 41. Rd3 Qe7 42. Qg5 f6 43. Qf4 Kf7 44. Qd6 Qxd6+ 45. Rxd6 Ke7 46. Rd2 f5 47. Kg3 h6 48. f4 Be4 49. Kf2 Ke6 50. Ke3 Bd5 51. b4 b5 52. Kd4 Kd6 53. g3 Bc4 54. Rc2 Bf1 55. Rc8 Bc4 56. Rxc4 bxc4 57. Kxc4 1-0

[Event "Lienz op 17th"]
[Site "Lienz"]
[Date "2013.02.16"]
[Round "9"]
[White "Pacher, Simon"]
[Black "Schwarhofer, Christopher"]
[Result "0-1"]
[WhiteElo "1992"]
[BlackElo "2285"]
[PlyCount "61"]
[EventDate "2013.02.09"]
[EventType "swiss"]
[EventRounds "9"]
[EventCountry "AUT"]
[SourceTitle "CBM 152 Extra"]
[Source "ChessBase"]
[SourceDate "2013.02.25"]
[SourceVersion "1"]
[SourceVersionDate "2013.02.25"]
[SourceQuality "1"]

1. e4 c5 2. Ne2 e6 3. d4 cxd4 4. Nxd4 a6 5. Be2 Qc7 6. 0-0 Nf6 7. Nc3 Nc6 8. Be3 b5 9. a3 Bb7 10. f4 d6 11. Bf3 Rc8 12. Kh1 Be7 13. Qe1 0-0 14. Qg3 Rfd8 15. Rad1 Na5 16. e5 dxe5 17. fxe5 Nd5 18. Nxd5 Bxd5 19. Bxd5 Rxd5 20. Qf3 Bf8 21. Bf4 Nc4 22. Nxe6 fxe6 23. Rxd5 exd5 24. Qxd5+ Kh8 25. e6 Bd6 26. Bg5 Qc5 27. Qb7 Rg8 28. h4 Qe5 29. Bf4 Qxe6 30. Qxa6 Qe2 31. Bc1 0-1